| 000 | 00624nam a2200205Ia 4500 | ||
|---|---|---|---|
| 003 | GCL | ||
| 008 | 140319s9999 xx 000 0 ara d | ||
| 040 |
_aGCL / _cGCL |
||
| 082 | 0 | 4 |
_a194 _bر م |
| 100 | 1 | _aعلى ادهم | |
| 245 | 1 | 0 |
_aمحاورات رينان الفلسفية / _cعلى ادهم |
| 700 | 1 | _aرينان، ارنست | |
| 300 | _a162 ص | ||
| 490 |
_aالهيئة العامة للاستعلامات _v0 |
||
| 650 | 0 | 4 | _aالفلسفة الغربية |
| 650 | 0 | 4 | _aالفلسفة الفرنسية |
| 650 | 0 | 4 | _aالفلسفة - نظريات |
| 650 | 0 | 4 | _aرينان, ارنست |
| 942 |
_2ddc _cBK |
||
| 999 |
_c51760 _d51760 |
||